Statistics for Most Airports by Country

Click here to take the quiz!

General Stats

  • This quiz has been taken 62 times
  • The average score is 12 of 15

Answer Stats

AirportsAnswer% Correct
1,467Canada
98%
507China
97%
13,513United States
97%
1,714Mexico
95%
1,218Russia
95%
4,093Brazil
93%
464France
93%
460UK
92%
539Germany
90%
916Argentina
86%
836Colombia
76%
481Chile
75%
673Indonesia
66%
855Bolivia
53%
799Paraguay
34%

Score Distribution

Percentile by Number Answered

Percent of People with Each Score

Your Score History

You have not taken this quiz